Artes plásticas ecuatorianas (Registro nro. 28144)
[ vista simple ]
| 000 -CABECERA | |
|---|---|
| Longitud fija campo de control | 00882nam a2200277Ia 4500 |
| 001 - NÚMERO DE CONTROL | |
| Número de control | 367080 |
| 003 - IDENTIFICADOR DEL NÚMERO DE CONTROL | |
| Identificador del número de control | EC-QuCCB |
| 007 - CAMPO FIJO DE DESCRIPCIÓN FÍSICA--INFORMACIÓN GENERAL | |
| Campo fijo de descripción física | ta |
| 008 - DATOS DE LONGITUD FIJA--INFORMACIÓN GENERAL | |
| Códigos de información de longitud fija | 130917s1945 mx a g 001 0 spa d |
| 040 ## - FUENTE DE LA CATALOGACIÓN | |
| Centro catalogador de origen | EC-QuCCB |
| Centro transcriptor | CCE-Tungurahua |
| 082 ## - NÚMERO DE LA CLASIFICACIÓN DECIMAL DEWEY | |
| Número de clasificación | 709.866 |
| Número de documento | N322 |
| 100 ## - ENTRADA PRINCIPAL--NOMBRE DE PERSONA | |
| 9 (RLIN) | 5515 |
| Nombre de persona | Navarro, José Gabriel, |
| Fechas asociadas con el nombre | 1881-1965 |
| Forma desarrollada del nombre | Navarro y Enriquez, José Gabriel, |
| 245 10 - MENCIÓN DE TÍTULO | |
| Título | Artes plásticas ecuatorianas |
| Mención de responsabilidad, etc. | José Navarro |
| 260 ## - PUBLICACIÓN, DISTRIBUCIÓN, ETC. (PIE DE IMPRENTA) | |
| Lugar de publicación, distribución, etc. | México D.C, México : |
| Nombre del editor, distribuidor, etc. | Fondo de Cultura Económica |
| Fecha de publicación, distribución, etc. | 1945 |
| 300 ## - DESCRIPCIÓN FÍSICA | |
| Extensión | 262 páginas : |
| Otros detalles físicos | ilustraciones |
| 336 ## - TIPO DE CONTENIDO | |
| Content type term | texto |
| Content type code | txt |
| 337 ## - TIPO DE MEDIO | |
| Media type term | no mediado |
| Media type code | n |
| 338 ## - TIPO DE PORTADOR | |
| Carrier type term | volumen |
| Carrier type code | nc |
| 490 1# - MENCIÓN DE SERIE | |
| Mención de serie | Tierra firme |
| Número de volumen/designación secuencial | n. 12 |
| 650 ## - PUNTO DE ACCESO ADICIONAL DE MATERIA--TÉRMINO DE MATERIA | |
| Nombre de materia o nombre geográfico como elemento de entrada | Artes plásticas |
| 9 (RLIN) | 11039 |
| Subdivisión geográfica | Ecuador |
| Nombre de materia o nombre geográfico como elemento de entrada | Arte Religioso Quiteño |
| 9 (RLIN) | 22901 |
| Nombre de materia o nombre geográfico como elemento de entrada | Arte ecuatoriano |
| 9 (RLIN) | 11021 |
| Nombre de materia o nombre geográfico como elemento de entrada | Escultura Religiosa Quiteña |
| Nombre de materia o nombre geográfico como elemento de entrada | Pintura Religiosa |
| 9 (RLIN) | 14942 |
| 942 ## - ELEMENTOS DE PUNTO DE ACCESO ADICIONAL (KOHA) | |
| Fuente de clasificaión o esquema | Dewey Decimal Classification |
| Koha [por defecto] tipo de item | Monografía |
| Suprimido | Perdido | Fuente de clasificación o esquema | Estropeado | Restricciones de uso | No se presta | Koha Colección | Localización (Biblioteca) | Localización actual | Localización en estanterías | Fecha adquisición | Fuente de adquisición | Préstamos totales | Clasificación completa | Designación de pieza (código de barras) | Fecha última consulta | Número de ejemplar | Fecha del precio de reemplazo | Tipo de item de Koha |
|---|---|---|---|---|---|---|---|---|---|---|---|---|---|---|---|---|---|---|
| Disponible | Dewey Decimal Classification | Sin daños | Sin restricciones de uso | Disponible para préstamo | Biblioteca CCE - Tungurahua | Biblioteca CCE - Tungurahua | En Col. | 29/05/1987 | Donación | 709.866 N322 | CCETUN-005453 | 17/12/2015 | Ej.1 | 17/12/2015 | Monografía |























